Statistics for Characters Played by Multiple Actors #2

Click here to take the quiz!

General Stats

  • This quiz has been taken 8,436 times
    (2,032 since last reset)
  • The average score is 12 of 20

Answer Stats

Actors hint Character % Correct
Burt Ward, Chris O'Donnell, Joseph Gordon-LevittsidekickRobin
90%
Terrence Howard, Will SmithboxerMuhammad Ali
88%
Cate Blanchett, Judi Dench, Vanessa Redgrave, John CleesemonarchQueen Elizabeth I
83%
Christopher Lee, Jack Palance, Gary Oldman, Gerard ButlercountCount Dracula
82%
Kristy Swanson, Sarah Michelle GellarslayerBuffy Summers
78%
John Huston, Ian McKellanwizardGandalf
76%
Margot Kidder, Teri Hatcher, Kate Bosworth, Amy AdamsreporterLois Lane
74%
Ian McKellan, Michael FassbendermutantMagneto
69%
Sissy Spacek, Angela Bettis, Chloƫ Grace Moretzprom queenCarrie White
67%
James Earl Jones, LeVar Burton, David OyelowoactivistMartin Luther King, Jr.
64%
Anthony Hopkins, Frank Langella, John Cusack, Kevin SpaceypresidentRichard Nixon
60%
Ed Wynn, Martin Short, Johnny Depptea partierMad Hatter
56%
Marlon Brando, Robert DeNirogangsterVito Corleone
56%
Al Pacino, Gabriel Byrne, Elizabeth Hurley, Dave GrohladversarySatan
51%
George Takei, John ChohelmsmanHikaru Sulu
46%
Alec Baldwin, Harrison Ford, Ben Affleck, John KrasinskianalystJack Ryan
45%
Peter Cushing, Gene Wilder, Kenneth Branagh, James McAvoydoctorDr. Frankenstein
40%
Kirk Douglas, Val Kilmer, Dennis Quaid, Randy QuaidgunslingerDoc Holliday
34%
Steve McQueen, Pierce Brosnanplayboy/thiefThomas Crown
33%
James Woods, Ralph Fiennes, John TurturrogodHades
28%

Score Distribution

Percentile by Number Answered

Percent of People with Each Score

Your Score History

You have not taken this quiz since the last reset